Quelle ville de Loire-Atlantique ? - Statistiques

Statistiques générales
  • Ce quiz a été pris 45 fois
  • Le résultat moyen est 10 sur 20
Statistiques - réponses
Quelle commune mariligérienne... Lettre Ville % Correct
...abrite le château des ducs de Bretagne ? N Nantes
97%
...est célèbre pour ses marais salants ? G Guérande
95%
...est une station balnéaire aussi connue pour fabriquer Le Curé Nantais ? P Pornic
76%
...fut la dernière "poche" d'Europe à être libérée des allemands ? S Saint-Nazaire
76%
...accueille le Hellfest depuis 2006, festival de hard rock et de métal ? C Clisson
74%
...devait accueillir un aéroport avant l'abandon du projet en 2018 ? N Notre-Dame-des-Landes
71%
...s'appelait Béré avant que la famille Brient s'y installe au XIe siècle ? C Châteaubriant
68%
...est en banlieue nantaise et donne son nom au pays de Retz ? R Rezé
66%
...est le siège d'une célèbre biscuiterie, dont le logo est un coq orange ? S Saint-Michel-Chef-Chef
55%
...est l'homonyme d'une ville du Morbihan réputée pour son andouille ? G Guémené-Penfao
50%
...abrite le plus grand Océarium du département ? (L) C Le Croisic
50%
...donne son nom au traité de capitulation de François II de Bretagne ? A Ancenis-Saint-Géréon
47%
...accueille le siège actuel de la Biscuiterie nantaise (BN) ? V Vertou
45%
...abrite le château du tristement célèbre Gilles de Retz (ou Rais) ? M Machecoul-Saint-Même
32%
...borde la forêt du Gâvre, la plus grande du départment ? B Blain
29%
...est la ville natale du cinéaste Jacques Demy ? P Pontchâteau
21%
...accueille le parc animalier Legendia Park (ou Sentier des Daims) ? F Frossay
18%
...abrite un espace zoologique qui compte plus de 1 100 animaux ? (L) B La Boissière-du-Doré
18%
...est considérée comme la "Capitale du Muscadet" ? V Vallet
18%
...est la plus grande ville autour du lac de Grand-Lieu ? S Saint-Philbert-de-Grand-Lieu
16%
Aucun quiz correspondant
Distribution des résultats
% des personnes avec chaque résultat
Percentile par nombre de réponses
Votre historique - résultats
Vous n’avez pas pris ce quiz